000 00469nam a2200181Ia 4500
005 20250508154440.0
008 008 250505s9999 xx 000 0 eng d
037 _aTextual
040 _aFEDL
_beng
_cFEDL
041 _aeng
_2eng
084 _a372.4, ROB
_qFEDL
100 _aRobinson Helen M Ed.
_9765465
245 0 _aClinical studies in reading 2
260 _c1953
300 _a189p.
942 _cTEXL
_h372.4, ROB
999 _c1350316
_d1350316